00518nam a2200121 a 450000500170000000800410001704100080005804400070006611101560007324501130022926000430034230000110038520140314093331.0140314b1998 xxu||||| |||| 00| 0 spa d aspa aag aMemorias del Taller Subregional de Sensibilización sobre los Contaminantes Orgánicos Persistentes (COPs)cPuerto Iguazu, ArgentinadAbril 1-3, 1998 aMemorias del taller subregional de sensibilización sobre los contaminantes orgánicos persistentes (COPs) aPuerto IguazubPNUMAbIFCSbIOMCc1998 a320 p.